Taḥwīl al-ishtirākī al-zirāʻī fī Sūrīyah (Record no. 50811)

MARC details
000 -LEADER
fixed length control field 00784cam a22002411 4500
001 - CONTROL NUMBER
control field ne 68003654
003 - CONTROL NUMBER IDENTIFIER
control field DLC
005 - DATE AND TIME OF LATEST TRANSACTION
control field 20260227111847.0
008 - FIXED-LENGTH DATA ELEMENTS--GENERAL INFORMATION
fixed length control field 860926s1966 sy a 000 0 araoc
010 ## - LIBRARY OF CONGRESS CONTROL NUMBER
LC control number ne 68003654
035 ## - SYSTEM CONTROL NUMBER
System control number (OCoLC)14270250
040 ## - CATALOGING SOURCE
Original cataloging agency Princeton Univ. Libr.
Transcribing agency CU
Modifying agency DLC
042 ## - AUTHENTICATION CODE
Authentication code premarc
043 ## - GEOGRAPHIC AREA CODE
Geographic area code a-sy---
050 00 - LIBRARY OF CONGRESS CALL NUMBER
Classification number HD951.S92
Item number Z82
100 1# - MAIN ENTRY--PERSONAL NAME
Personal name Zuʻbī, Aḥmad Muḥammad.
245 10 - TITLE STATEMENT
Title Taḥwīl al-ishtirākī al-zirāʻī fī Sūrīyah
Statement of responsibility, etc. [taʼlīf] Aḥmad Muḥammad al-Zuʻbī.
260 ## - PUBLICATION, DISTRIBUTION, ETC.
Place of publication, distribution, etc. [Dimashq,
Name of publisher, distributor, etc. Wizārat al-Thaqāfah wa-al-Irshād al-Qawmī,
Date of publication, distribution, etc. 1966]
300 ## - PHYSICAL DESCRIPTION
Extent 7, 171 p.
Other physical details illus.
Dimensions 19 cm.
440 #0 - SERIES STATEMENT/ADDED ENTRY--TITLE
Title Silsilat kutub qawmīyah,
Volume/sequential designation 8
650 #0 - SUBJECT ADDED ENTRY--TOPICAL TERM
Topical term or geographic name entry element Agriculture, Cooperative
Geographic subdivision Syria.
650 #0 - SUBJECT ADDED ENTRY--TOPICAL TERM
Topical term or geographic name entry element Agriculture and state
Geographic subdivision Syria.

No items available.

Powered by Koha